Evolución de la economía occidental (Registro nro. 25367)

Detalles MARC
000 -LEADER
fixed length control field 00320 a2200109 4500
001 - CONTROL NUMBER
control field ART_11156
005 - DATE AND TIME OF LATEST TRANSACTION
control field 20260410161855.0
008 - FIXED-LENGTH DATA ELEMENTS--GENERAL INFORMATION
fixed length control field 260409a
100 1# - MAIN ENTRY--PERSONAL NAME
Personal name De Larosiere, Jacques
245 10 - TITLE STATEMENT
Title Evolución de la economía occidental
773 0# - HOST ITEM ENTRY
Title Revista de Economía
Related parts - Nº 35 (dic. 1982)
Record control number REV11077

No hay ítems disponibles.